Information policy and scientific research
में बचाया:
| मुख्य लेखक: | |
|---|---|
| स्वरूप: | पुस्तक |
| भाषा: | Undetermined |
| प्रकाशित: |
New York
Elsevier Science Publishing Company, Inc.
1983
|
| विषय: | |
| टैग : |
टैग जोड़ें
कोई टैग नहीं, इस रिकॉर्ड को टैग करने वाले पहले व्यक्ति बनें!
|
| Thư viện lưu trữ: | Trung tâm Học liệu Trường Đại học Cần Thơ |
|---|
| LEADER | 00518nam a2200181Ia 4500 | ||
|---|---|---|---|
| 001 | CTU_84102 | ||
| 008 | 210402s9999 xx 000 0 und d | ||
| 082 | |a 001.4 | ||
| 082 | |b M291 | ||
| 100 | |a Manten, Arie A. | ||
| 245 | 0 | |a Information policy and scientific research | |
| 245 | 0 | |c Arie A. Manten | |
| 260 | |a New York | ||
| 260 | |b Elsevier Science Publishing Company, Inc. | ||
| 260 | |c 1983 | ||
| 650 | |a Science and state | ||
| 904 | |i QHieu(sửa) | ||
| 980 | |a Trung tâm Học liệu Trường Đại học Cần Thơ | ||